000 00530nam a2200181Ia 4500
005 20250508151247.0
008 008 250505s9999 xx 000 0 eng d
037 _aTextual
040 _aFEDL
_beng
_cFEDL
041 _aeng
_2eng
084 _a371.425, WAT
_qFEDL
100 _aWatterson J G
_9758716
245 0 _aCareers for boys : A guide to the choice of a profession
260 _aLondon, UK
_bWard, Lock and Co Ltd.
_c1953
300 _a256p
942 _cTEXL
_h371.425, WAT
999 _c1328707
_d1328707